| 000 | 00423nam a2200133Ia 4500 | ||
|---|---|---|---|
| 008 | 200626s9999 xx 000 0 und d | ||
| 020 | _a978-0-7506-5675-7 | ||
| 100 | _aFifield, Paul | ||
| 245 |
_cPaul Fifield.-- _aMarketing strategy: _bThe difference between marketing and markets:/ |
||
| 250 | _a3rd ed. | ||
| 260 |
_aUSA: _bButterworth-Heinemann _c2007 |
||
| 300 | _ax, 316 pages | ||
| 500 | _aIncludes Appendix, and Index | ||
| 999 |
_c363887 _d363887 |
||